000
00309nam a22001337a 4500
008
170316b xxu||||| |||| 00| 0 eng d
020
_a
9780805353600
041
_a
eng
080
_a
611
100
_a
7
101
_a
SHM
245
_a
HUMAN ANATOMY PHYSIOLOGY LABORATORY MANUAL
_c
MARIEB,E,N
942
_2
udc
_c
BK
999
_c
7948
_d
7948